|
|
|
|
| LEADER |
00000nam a2200000 a 4500 |
| 001 |
vtls001399446 |
| 003 |
SK-MaSNL |
| 005 |
20260301053020.0 |
| 008 |
130607s1997 xo 0 slo |
| 015 |
|
|
|a SNBJ2000/04-01668
|
| 035 |
|
|
|a SNK000353909
|
| 040 |
|
|
|a SNK
|b slo
|c SNK
|e AACR2
|
| 044 |
|
|
|a xo
|c SK
|
| 080 |
|
|
|a 784.4:785.14(086.7)
|2 1981
|
| 080 |
|
|
|a 785.14
|2 1981
|
| 245 |
1 |
|
|a Tá vrbovská vežička
|h zvukový dokument
|
| 260 |
|
|
|a Vrbové
|b Mestský úrad
|c 1997
|
| 300 |
|
|
|a 1 magnetofónová kazeta
|b stereo
|
| 505 |
0 |
|
|a Obsahuje 12 piesní
|
| 511 |
|
|
|a Účinkujú Ľubomír Bosák, Daniela Drábková, Michaela Raffayová, Petra Breče
|
| 511 |
|
|
|a Hrá Ján Prievozník
|
| 511 |
|
|
|a Spieva Spevácky zbor Základnej umeleckej školy Vrbové
|
| 650 |
0 |
7 |
|a ľudová hudba
|x piesne ľudové
|x kazety magnetofónové
|2 SNK
|9 283675
|
| 650 |
0 |
7 |
|a piesne ľudové
|x kazety magnetofónové
|2 SNK
|9 283676
|
| 655 |
|
7 |
|a magnetofónové kazety
|2 SNK
|9 70693
|
| 700 |
1 |
|
|a Bosák, Ľubomír
|4 uci
|9 10179
|
| 700 |
1 |
|
|a Drábková, Daniela
|4 uci
|9 296862
|
| 700 |
1 |
|
|a Raffayová, Michaela
|4 uci
|9 362822
|
| 700 |
1 |
|
|a Breče, Petra
|4 uci
|9 362823
|
| 700 |
1 |
|
|a Prievozník, Ján
|4 uci
|9 362824
|
| 710 |
0 |
|
|a Spevácky zbor Základnej umeleckej školy Vrbové, Slovensko
|4 uci
|9 296863
|
| 999 |
|
|
|c 607178
|d 609108
|
| 952 |
|
|
|t P60, <03>, [BOOK], {603}
|a SNK
|b SNK
|y PREZ
|7 0
|p 17A0256708
|o snkK 2214
|i snkJK 320/2000
|0 0
|1 0
|4 0
|d 2000-11-03
|l 0
|r 2005-01-02 00:00:00
|w 2026-02-23
|
| 952 |
|
|
|t P65, <07>, [BOOK], {657}
|a SNK
|b SNK
|y PREZ
|7 0
|p 17A0256709
|o snkK 2214 D1
|i snkJK 321/2000
|0 0
|1 0
|4 0
|d 2000-11-03
|l 0
|r 2005-01-02 00:00:00
|w 2026-02-23
|